[Event "Morbihan-ch 1112"]
[Site "Morbihan"]
[Date "2012.03.10"]
[Round "6.13"]
[White "Le Lostec, Michael"]
[Black "Gautier, Paul"]
[Result "1-0"]
[WhiteElo "1650"]
[BlackElo "1499"]
[PlyCount "91"]
[EventDate "2011.10.08"]
[EventType "swiss"]
[EventRounds "7"]
[EventCountry "FRA"]
[SourceTitle "EXT 2014"]
[Source "ChessBase"]
[SourceDate "2013.11.20"]
[SourceVersion "1"]
[SourceVersionDate "2013.11.20"]
[SourceQuality "1"]

1. g3 e5 2. Bg2 Nf6 3. d3 Bc5 4. Nf3 Nc6 5. 0-0 0-0 6. c4 d5 7. Nbd2 Be6 8. b3 Qd7 9. Bb2 Bd6 10. a3 Bh3 11. Qc2 Bxg2 12. Kxg2 b6 13. Rac1 d4 14. Rfe1 Rfe8 15. e3 dxe3 16. Rxe3 a5 17. Rce1 Bc5 18. Nxe5 Nxe5 19. Rxe5 Rxe5 20. Rxe5 Bd4 21. Bxd4 Qxd4 22. Nf3 Qd6 23. a4 Rd8 24. d4 Ng4 25. Rd5 Qf6 26. Qf5 Rxd5 27. Qxd5 Qd6 28. Qa8+ Qf8 29. Qb7 Qd8 30. Ng5 Nf6 31. Ne4 h6 32. Nxf6+ Qxf6 33. Qe4 g5 34. d5 h5 35. Qf3 Qg6 36. Qe2 g4 37. f3 gxf3+ 38. Qxf3 Qc2+ 39. Kh3 Qg6 40. g4 hxg4+ 41. Qxg4 Kg7 42. Kg3 f5 43. Qxg6+ Kxg6 44. h4 Kf6 45. Kf4 Kg6 46. h5+ 1-0

[Event "Morbihan-ch 1112"]
[Site "Morbihan"]
[Date "2012.02.11"]
[Round "5.19"]
[White "Gautier, Paul"]
[Black "Andal, Thomas"]
[Result "1-0"]
[WhiteElo "1499"]
[BlackElo "1199"]
[PlyCount "108"]
[EventDate "2011.10.08"]
[EventType "swiss"]
[EventRounds "7"]
[EventCountry "FRA"]
[SourceTitle "EXT 2014"]
[Source "ChessBase"]
[SourceDate "2013.11.20"]
[SourceVersion "1"]
[SourceVersionDate "2013.11.20"]
[SourceQuality "1"]

1. b3 e5 2. Bb2 Nc6 3. Nf3 e4 4. Nd4 Bc5 5. Nxc6 bxc6 6. e3 Nf6 7. d4 Be7 8. Be2 d5 9. h3 0-0 10. Nc3 c5 11. Na4 cxd4 12. Qxd4 Bf5 13. g4 Be6 14. g5 Ne8 15. h4 f6 16. Nc5 Bxc5 17. Qxc5 fxg5 18. hxg5 Nd6 19. Rg1 Rf7 20. g6 hxg6 21. Rxg6 Bf5 22. Rg3 Qh4 23. 0-0-0 Be6 24. Rdg1 Nf5 25. R3g2 Qe7 26. Qc6 Raf8 27. Bh5 Qd7 28. Bxf7+ Rxf7 29. Qa8+ Qc8 30. Qxa7 c5 31. Rxg7+ Nxg7 32. Rxg7+ Kf8 33. Rxf7+ Bxf7 34. Ba3 Qf5 35. Bxc5+ Kg7 36. Bd4+ Kg6 37. Qa6+ Kg5 38. Qf1 Be6 39. Qg1+ Kh6 40. Qh2+ Kg5 41. Qe5 Qxe5 42. Bxe5 Kf5 43. Bd4 Kg4 44. Kd2 Kf3 45. Ke1 Bd7 46. c3 Bb5 47. a4 Bc6 48. a5 Bb7 49. b4 Ba6 50. Be5 Bb5 51. Bg3 Kg4 52. Kd2 Kf5 53. Kc2 Ke6 54. Kb3 Kd7 1-0

[Event "Morbihan-ch 1112"]
[Site "Morbihan"]
[Date "2012.01.21"]
[Round "4.14"]
[White "Le Coz, Yannick"]
[Black "Gautier, Paul"]
[Result "1-0"]
[WhiteElo "1663"]
[BlackElo "1499"]
[PlyCount "91"]
[EventDate "2011.10.08"]
[EventType "swiss"]
[EventRounds "7"]
[EventCountry "FRA"]
[SourceTitle "EXT 2014"]
[Source "ChessBase"]
[SourceDate "2013.11.20"]
[SourceVersion "1"]
[SourceVersionDate "2013.11.20"]
[SourceQuality "1"]

1. e4 e5 2. f4 exf4 3. Bc4 Bc5 4. d4 Qh4+ 5. Kf1 Bb6 6. Nf3 Qe7 7. Ne5 Nh6 8. Bxf4 d6 9. Bxh6 dxe5 10. Bxg7 Bxd4 11. Bxh8 Bxb2 12. Nd2 Bxa1 13. Qxa1 Nc6 14. Qc3 Bg4 15. Bb5 0-0-0 16. Bxc6 Rxh8 17. Bd5 Rd8 18. h3 Bd7 19. Nc4 Bb5 20. Ke1 Rxd5 21. exd5 Qh4+ 22. Kd2 Qxc4 23. Qxe5 Qb4+ 24. Qc3 Qxc3+ 25. Kxc3 Kd7 26. Kd4 b6 27. c4 Ba4 28. Rf1 Ke7 29. a3 Bc2 30. g4 a6 31. g5 b5 32. c5 Bb3 33. Rf6 Bc4 34. Rxa6 Bf1 35. h4 b4 36. Ra7 bxa3 37. Rxc7+ Kd8 38. Ra7 Bh3 39. Rxa3 Bf5 40. Ra7 h5 41. Rxf7 Bd7 42. c6 Bg4 43. g6 Ke8 44. c7 Be6 45. Ke5 Bg4 46. Rh7 1-0